Cifras sobre producción agropecuaria 1975-1980
Contiene datos estadísticos sobre producción agropecuaria en Costa Rica, correspondientes al periodo 1975 - 1980 - Presenta cifras sobre los siguientes aspectos de dicha producción: valor bruto de la producción a precios constantes y corrientes, valor agregado de la producción a precios constantes y...
সংরক্ষণ করুন:
| সংস্থা লেখক: | |
|---|---|
| বিন্যাস: | পাঠ্য |
| প্রকাশিত: |
San José:
BCCR
|
| ট্যাগগুলো: |
ট্যাগ যুক্ত করুন
কোনো ট্যাগ নেই, প্রথমজন হিসাবে ট্যাগ করুন!
|
MARC
| LEADER | 00000 a a2200000 04500 | ||
|---|---|---|---|
| 001 | 20533 | ||
| 003 | |||
| 040 | |a CRAI/IIS |c CRAI/IIS | ||
| 090 | |a 086300 | ||
| 110 | |a Banco Central de Costa Rica. DEpartamento de Investigaciones y Estadística | ||
| 245 | |a Cifras sobre producción agropecuaria 1975-1980 | ||
| 260 | |a San José: |b BCCR | ||
| 300 | |a 41 p. | ||
| 520 | |a Contiene datos estadísticos sobre producción agropecuaria en Costa Rica, correspondientes al periodo 1975 - 1980 - Presenta cifras sobre los siguientes aspectos de dicha producción: valor bruto de la producción a precios constantes y corrientes, valor agregado de la producción a precios constantes y corrientes y volumen y valor de la producción (café, banano, caña de azúcar, cacao, arroz, maíz, frijol, sorgo algodón, tabaco, papa, yuca, plátano, cebolla, ganado vacuno, ganado porcino, aves, leche, huevos, madera y pesca) | ||
| 999 | |c 4470 |d 4470 | ||
